000 01211cam a2200301 i 4500
999 _c7592
_d7592
003 OSt
005 20200316163020.0
008 181206s2018 ii ab 000 0 eng d
020 _a9789386552921
_q(hardback)
040 _aDKAGE
_beng
_erda
_cDKAGE
_dOCLCF
_dOCLCO
_dDLC
082 0 4 _a954.0041
_223
_bSTE
100 1 _aStephen, S. Jeyaseela,
_eauthor.
245 1 0 _aPondicherry under the French :
_billuminating the urban landscape, 1674-1793 /
_cS. Jeyaseela Stephen.
300 _axxvii, 662 pages :
_billustrations (black and white), maps (black and white) ;
_c24 cm
648 7 _a1600-1799
_2fast
650 0 _aUrban landscape architecture
_zIndia
_zPuducherry
_xHistory
_y17th century.
650 0 _aUrban landscape architecture
_zIndia
_zPuducherry
_xHistory
_y18th century.
650 7 _aCommerce.
_2fast
650 7 _aFrench.
_2fast
650 7 _aUrban landscape architecture.
_2fast
651 0 _aFrench
_zIndia
_xHistory
_y17th century.
651 0 _aFrench
_zIndia
_xHistory
_y18th century.
651 0 _aPuducherry (India)
_xCommerce
_xHistory
_y17th century.
651 0 _aPuducherry (India)
_xCommerce
_xHistory
_y18th century.
651 7 _aIndia
_zPuducherry.
_2fast
655 7 _aHistory.
_2fast
942 _2ddc